| 000 | 01371nam0a2200349 4500 | ||
|---|---|---|---|
| 001 | RU\NLR\bibl\1308360 | ||
| 005 | 20260406115712.0 | ||
| 010 |
_a978-5-488-01933-1 _97000 |
||
| 021 |
_aRU _b2008-82353 _94799 |
||
| 021 |
_aRU _b2009-107498 _96859 |
||
| 021 |
_aRU _b2010-81526 _95430 |
||
| 035 | _a(NLR Aleph) 001293834 | ||
| 090 |
_a576131 _c576131 |
||
| 100 | _a20081216d2008 |||y0rusy50 ca | ||
| 101 | 0 | _arus | |
| 102 | _aRU | ||
| 105 | _aa ||||||||| | ||
| 200 | 1 |
_aСтихи и сказки _e[для младшего школьного возраста] _fАлександр Пушкин _g[ил. П. Бунина] |
|
| 210 |
_aМосква _cОникс _d2008 |
||
| 215 |
_a156, [1] с. _cил., портр. _d22 |
||
| 225 | 1 | _aЧитаем по школьной программе | |
| 225 | 1 |
_aБиблиотека младшего школьника _eБМШ |
|
| 686 | _aШ9(2)60=Р5-5 | ||
| 700 | 1 |
_4070 _7ca _8rus _aПушкин _bА. С. _cпоэт _f1799-1837 _gАлександр Сергеевич _9110441 _3RU\NLR\AUTH\77386 |
|
| 702 | 1 |
_4040 _7ca _8rus _aБунин _bП. Л. _cхудожник-иллюстратор _f1927-2008 _gПавел Львович _9175089 _3RU\NLR\AUTH\770175140 |
|
| 801 | 0 |
_aRU _bNLR _c20081216 _gRCR |
|
| 801 | 1 |
_aRU _bNLR _c20081216 |
|
| 942 | _cBOOK | ||
| 980 | _aNB | ||